| 000 | 01234nam a2200313 c 4500 | ||
|---|---|---|---|
| 003 | BLK | ||
| 005 | 20220212151310.0 | ||
| 008 | 180408b bul|||||r ||||||| ||bul|| | ||
| 010 | _aKNG00065827000 | ||
| 040 | _aBLK | ||
| 041 |
_aBUL _cBUL |
||
| 080 |
_aВоенна история - Военни походи, битки, героични подвизи. Вж и 93/99 _b355.48 _x(497.2) _z355.48(497.2) |
||
| 700 | 1 |
_aАнгелов, Димитър _eпод ред. на _9363623 |
|
| 139 |
_aБългарска военна история _bБ 92 |
||
| 245 | 1 | 0 |
_aБългарска военна история _bПодб. извори и док. : Т. 1 - 3 _cпод ред. на Димитър Ангелов. _nТ. 1 |
| 257 | _aBGR | ||
| 260 |
_аСофия _bВоен. изд. _c1977 - |
||
| 300 | _c25 см | ||
| 380 | _a3 | ||
| 650 | 4 |
_aБългария - военна история _9241785 |
|
| 653 | _aвоенна история | ||
| 653 | _aБългария | ||
| 760 | 1 |
_d1977 _h635 с. _nИменен, терминолог. и геогр. показалец _tТ. 1 |
|
| 852 | _aЦб 90837 | ||
| 856 | 4 |
_qpdf _u |
|
| 856 | 4 |
_qpdf _u |
|
| 942 |
_cKNG _n0 _03 |
||
| 944 |
_aCR _c13.06.2004 _kГеновева_Генчева |
||
| 944 |
_aED _c15.09.2007 _k |
||
| 999 |
_c61624 _d61624 |
||